00325nam a2200145Ia 4500003000400000005001700004008004000021040000700061041000800068082001500076100002500091245001500116260003600131300001200167OSt20260220151735.0210210b1967 xxu||||| |||| 00| 0 eng d cAL aeng a823.8 SIEQ a Sienkiewicz, Henryk aQuo Vadis? aLondonbEverymans Libraryc1967 axii,448